| 000 | 00411nam a22001457a 4500 | ||
|---|---|---|---|
| 999 |
_c7689 _d7689 |
||
| 003 | GBCCL | ||
| 005 | 20241126110634.0 | ||
| 008 | 180911b ||||| |||| 00| 0 eng d | ||
| 040 | _cgbc | ||
| 082 |
_aSOU TON _b2012 |
||
| 245 |
_aTongciin Baptist Church: _boctober 11, 1912-october 11, 2012 / _ceditor S Pumzatawn |
||
| 260 |
_c2012. _aTongchiin, _bTongchin Baptist church, |
||
| 300 | _a124p. ; | ||
| 942 |
_2ddc _cARCH |
||